Природа элементарных частиц, квантовая теория и великое объединение

গ্রন্থ-পঞ্জীর বিবরন
প্রধান লেখক: Верин О. Г. Олег Гаврилович
সংক্ষিপ্ত:Эта книга дает возможность читателю не просто принять на веру и заучить постулаты квантовой механики, как это делали до сих пор студенты, изучающие закономерности микромира, а убедиться воочию в истоках этой науки. Развиваемая автором концепция микромира основана на солитонном (электромагнитном) представлении о природе элементарных частиц и показывает, каким образом в своеобразной среде, которой является вакуум, возникает удивительное многообразие элементарных частиц и их свойств. Раскрытие физических механизмов, лежащих в основе квантовой теории, дает возможность уточнить ряд положений теории, более осмысленно вести конкретные исследования, по-новому подойти к решению задач, стоящих перед современной физикой, таких как "холодный термояд", высокотемпературная сверхпроводимость, поиск антивещества во Вселенной, проблема Великого Объединения фундаментальных взаимодействий и т. д. Взаимная синхронизация и равновесный обмен энергией между солитонами определяют универсальность свойств элементарных частиц и наблюдаемый ряд их масс. Своеобразная симметрия в классе лептонов, связанная с нейтрино, сопряжена с наличием конкретной структуры у нейтрино. Это находит свое подтверждение в том, что расчетные массы покоя нейтрино согласуются с имеющимися экспериментальными данными. Особое внимание уделено исследованию продольных электромагнитных волн — одного из краеугольных камней всего устройства Вселенной.
ভাষা:রুশ
প্রকাশিত: Москва, Контур-М, 2005
বিষয়গুলি:
বিন্যাস: গ্রন্থ
KOHA link:https://koha.lib.tpu.ru/cgi-bin/koha/opac-detail.pl?biblionumber=78174

MARC

LEADER 00000nam0a2200000 4500
001 78174
005 20231031093734.0
010 |a 5986420160 
035 |a (RuTPU)RU\TPU\book\83785 
090 |a 78174 
100 |a 20050611d2005 k y0rusy50 ca 
101 0 |a rus 
102 |a RU 
105 |a a z 001zy 
200 1 |a Природа элементарных частиц, квантовая теория и великое объединение  |f О. Г. Верин 
210 |a Москва  |c Контур-М  |d 2005 
215 |a 133 с.  |c ил. 
320 |a Библиогр.: с. 132-133 
330 |a Эта книга дает возможность читателю не просто принять на веру и заучить постулаты квантовой механики, как это делали до сих пор студенты, изучающие закономерности микромира, а убедиться воочию в истоках этой науки. Развиваемая автором концепция микромира основана на солитонном (электромагнитном) представлении о природе элементарных частиц и показывает, каким образом в своеобразной среде, которой является вакуум, возникает удивительное многообразие элементарных частиц и их свойств. Раскрытие физических механизмов, лежащих в основе квантовой теории, дает возможность уточнить ряд положений теории, более осмысленно вести конкретные исследования, по-новому подойти к решению задач, стоящих перед современной физикой, таких как "холодный термояд", высокотемпературная сверхпроводимость, поиск антивещества во Вселенной, проблема Великого Объединения фундаментальных взаимодействий и т. д. Взаимная синхронизация и равновесный обмен энергией между солитонами определяют универсальность свойств элементарных частиц и наблюдаемый ряд их масс. Своеобразная симметрия в классе лептонов, связанная с нейтрино, сопряжена с наличием конкретной структуры у нейтрино. Это находит свое подтверждение в том, что расчетные массы покоя нейтрино согласуются с имеющимися экспериментальными данными. Особое внимание уделено исследованию продольных электромагнитных волн — одного из краеугольных камней всего устройства Вселенной. 
610 1 |a физика 
610 1 |a элементарные частицы 
610 1 |a вакуум 
610 1 |a вращающееся поле 
610 1 |a электромагнитные волны 
610 1 |a взаимодействие 
610 1 |a микромир 
610 1 |a клонирование 
610 1 |a кварки 
610 1 |a ароматы 
610 1 |a глюоны 
610 1 |a антивещество 
610 1 |a квантовая теория 
610 1 |a телепортация 
610 1 |a Резонансная Вселенная 
610 1 |a Темная Материя 
675 |a 539.12  |v 3 
675 |a 530.1  |v 3 
700 1 |a Верин  |b О. Г.  |g Олег Гаврилович 
801 1 |a RU  |b 63413507  |c 20050611  |g PSBO 
801 2 |a RU  |b 63413507  |c 20050617  |g PSBO 
942 |c BK